000 nam a22 a 4500
999 _c60331
_d60331
003 BLK
005 20201013103311.0
008 180408b bul|||||r ||||||| ||bul||
010 _aKNG00064489000
040 _aBLK
041 _aBUL
_cBUL
072 7 _2bullib
_aА
_xФонд Михаил Арнаудов
072 7 _2bullib
_aЦ
_xРедки и ценни
080 _aБългарска литература
_b821.163.2
_x-1
_z821.163.2-1
100 1 _aВазов, Иван Минчов
_eпърви автор
_9363396
139 _aВазов, Иван Минчов
_bВ 15
245 1 0 _aПряпорец и гусла
_b1875-1876
_cИван Минчов Вазов.
257 _aBGR
260 _c1895
_fСофия : Вълков
_aСофия
300 _a46 с.
_c18 см
380 _aX
490 1 _aБиблиотека за мало и голямо
490 _aЧастна колекция - Академик Михаил Арнаудов
_9396381
_gДарение - Основен фонд
490 _aКолекция Редки и ценни издания
_9435080
500 _a1. изд. Букурещ, 1876. - Фонд Михаил Арнаудов - подчертавания и бележки по текста. - Твърда подв. - Подв. с Тъгите на България ; Избавление
505 _tИван Вазов. Тъгите на България
_tИван Вазов. Избавление
659 _aА
659 _aЦ
852 _aРб 895
_bРц
852 _aМА 1038
856 4 _qpdf
856 4 _qpdf
942 _cKNG
_n0
_s1
944 _aCR
_c27.01.2017
_kГеновева_Генчева
944 _aED
_c27.01.2017
_kГеновева_Генчева
999 _d60331
999 _d60331